| 000 | 00972nam a2200241Ia 4500 | ||
|---|---|---|---|
| 003 | OSt | ||
| 005 | 20220923211249.0 | ||
| 006 | a|||||r|||| 00| 0 | ||
| 007 | ta | ||
| 008 | 220922b |||||||| |||| 00| 0 pan d | ||
| 020 |
_a9788178562520 (hbk) _c200 |
||
| 024 | _a244,001 | ||
| 037 |
_b329, 08/10/2010, H.K. Prakashan _cTextual |
||
| 040 |
_aARTS _cARTS _bpan |
||
| 041 |
_2pan _apan |
||
| 082 | _aQ8441xK66, 153P9 | ||
| 100 |
_aਸਿੰਘ, ਸਿਰਦਾਰ ਕਪੂਰ; ਗੁਰਮੁਖ ਸਿੰਘ, ਥਦ. _9160089 |
||
| 245 | 0 | _aਗੁਰੂ ਗੋਬਿੰਦ ਸਿੰਘ ਜੀ ਦੀ ਵੌਸਾਖੀ | |
| 260 |
_aਅੰਮ੍ਰਿਤਸਰ _b ਵਾਰਿਸ Fਾਹ ਖ਼ਾਉ੍ਵਡੇFਨ _c2009 |
||
| 300 |
_a144ਪੰ _ccm. |
||
| 942 |
_hQ8441xK66, 153P9 _cTEXL _2CC |
||
| 999 |
_c297892 _d297892 |
||